000 00501nam a22001937a 4500
005 20231006115130.0
008 231006b |||||||| |||| 00| 0 eng d
020 _a0697152707
082 _a613.71
_bWAY
100 _aWayne,Westcott
245 _aStrength Fitness :
_b Physiological Principles and Training Techniques
250 _a4th ed.
260 _aUSA
_bMcGraw Hill
_c1995
300 _a206
500 _aIndex Given.
650 _aPhysiotherapy
700 _aWayne Westcott
999 _c33783
_d33783